[Event "Rio de Janeiro Salamon Memorial"]
[Site "Rio de Janeiro"]
[Date "2016.06.25"]
[Round "4"]
[White "De Oliveira, Fillipe Fernandes"]
[Black "Zoratto, Dante Leonardo"]
[Result "1-0"]
[WhiteElo "1799"]
[BlackElo "1675"]
[PlyCount "45"]
[EventDate "2016.06.24"]
[EventType "swiss"]
[EventRounds "6"]
[EventCountry "BRA"]
[SourceTitle "CBM 173 Extra"]
[Source "ChessBase"]
[SourceDate "2016.08.29"]
[SourceVersion "1"]
[SourceVersionDate "2016.08.29"]
[SourceQuality "1"]

1. e4 c5 2. Nf3 Nc6 3. Bb5 Qc7 4. 0-0 a6 5. Bxc6 Qxc6 6. Qe2 d6 7. c3 Nf6 8. e5 Nd5 9. d4 e6 10. c4 Nc7 11. d5 exd5 12. cxd5 Qxd5 13. Nc3 Qe6 14. Re1 Be7 15. exd6 Qxd6 16. Bf4 Qd8 17. Bxc7 Qxc7 18. Nd5 Qd8 19. Qxe7+ Qxe7 20. Rxe7+ Kd8 21. Rxf7 Be6 22. Rxg7 Bxd5 23. Rd1 1-0

[Event "Rio de Janeiro Salamon Memorial"]
[Site "Rio de Janeiro"]
[Date "2016.06.25"]
[Round "3"]
[White "Rodrigues, Nei Jorge"]
[Black "De Oliveira, Fillipe Fernandes"]
[Result "1-0"]
[WhiteElo "2029"]
[BlackElo "1799"]
[PlyCount "113"]
[EventDate "2016.06.24"]
[EventType "swiss"]
[EventRounds "6"]
[EventCountry "BRA"]
[SourceTitle "CBM 173 Extra"]
[Source "ChessBase"]
[SourceDate "2016.08.29"]
[SourceVersion "1"]
[SourceVersionDate "2016.08.29"]
[SourceQuality "1"]

1. d4 Nf6 2. c4 e6 3. Nc3 Bb4 4. f3 d5 5. a3 Bxc3+ 6. bxc3 0-0 7. Bg5 h6 8. Bh4 Nbd7 9. e3 c5 10. cxd5 Qa5 11. Qd2 Nxd5 12. c4 Nb4 13. Ra2 Nc6 14. d5 Qxd2+ 15. Rxd2 exd5 16. cxd5 Nce5 17. e4 c4 18. f4 Ng6 19. Bg3 b5 20. e5 Nc5 21. Be2 Bf5 22. Rb2 Rab8 23. Nf3 c3 24. Rb4 a5 25. Rxb5 Rxb5 26. Bxb5 c2 27. Ke2 Nb3 28. Ke3 c1Q+ 29. Rxc1 Nxc1 30. Nd4 Bb1 31. d6 h5 32. f5 h4 33. fxg6 hxg3 34. gxf7+ Rxf7 35. hxg3 Ba2 36. d7 Rxd7 37. Bxd7 Kf8 38. Ba4 Bd5 39. Kd2 Na2 40. Kc2 Bxg2 41. Kb2 Nb4 42. axb4 axb4 43. Kb3 Kf7 44. Kxb4 Kg6 45. Kc5 Bh3 46. Be8+ Kg5 47. Kd6 Bg4 48. Bd7 Bh5 49. Ke7 Bg6 50. Nf3+ Kh6 51. Be6 Be4 52. Nd4 Kg5 53. Bh3 Bg6 54. Kf8 Kh6 55. Nf5+ Kg5 56. Nxg7 Kh6 57. e6 1-0

[Event "Rio de Janeiro Alex op"]
[Site "Rio de Janeiro"]
[Date "2016.06.18"]
[Round "4"]
[White "Ramos, Angelo Bil"]
[Black "De Oliveira, Fillipe Fernandes"]
[Result "1-0"]
[WhiteElo "2033"]
[BlackElo "1799"]
[PlyCount "145"]
[EventDate "2016.06.12"]
[EventType "swiss"]
[EventRounds "6"]
[EventCountry "BRA"]
[SourceTitle "CBM 173 Extra"]
[Source "ChessBase"]
[SourceDate "2016.08.29"]
[SourceVersion "1"]
[SourceVersionDate "2016.08.29"]
[SourceQuality "1"]

1. d4 Nf6 2. c4 e6 3. Nc3 Bb4 4. a3 Bxc3+ 5. bxc3 c5 6. e3 0-0 7. Bd3 d6 8. Ne2 Nc6 9. 0-0 b6 10. Ng3 Ba6 11. Qe2 Na5 12. Bb2 Rc8 13. d5 e5 14. e4 Qd7 15. a4 g6 16. Ra2 h5 17. Bc1 Qg4 18. f3 Qh4 19. Nh1 Nh7 20. g3 Qf6 21. Nf2 Ng5 22. Kg2 Rcd8 23. f4 Nh7 24. f5 Kg7 25. Nh3 g5 26. Qxh5 Qh6 27. Qxh6+ Kxh6 28. Nxg5 Nxg5 29. h4 Kg7 30. hxg5 Rh8 31. Rh1 Nxc4 32. Be2 Rb8 33. Rh4 Rb7 34. Kf3 b5 35. Rh6 Rxh6 36. gxh6+ Kh7 37. g4 b4 38. cxb4 cxb4 39. Ra1 b3 40. Rb1 Rb4 41. g5 b2 42. Be3 Rb3 43. g6+ fxg6 44. Bxc4 Bxc4 45. f6 Kg8 46. Rh1 b1Q 47. h7+ Kh8 48. Rxb1 Rxb1 49. f7 Rb8 50. Bh6 Bb3 51. a5 Bd1+ 52. Ke3 Kxh7 53. f8Q Rxf8 54. Bxf8 Kg8 55. Bxd6 a6 56. Bxe5 Kf7 57. Kd4 Ke7 58. Bf4 Kf6 59. Bc7 Be2 60. Bd8+ Kf7 61. Ke5 Ke8 62. Bg5 Kd7 63. Kd4 Bf3 64. e5 Bg4 65. Kc5 Bf3 66. e6+ Ke8 67. Kd6 Bg2 68. Ke5 Bh1 69. d6 Bc6 70. Kf6 Bb5 71. Kxg6 Bc6 72. Kf6 Bb5 73. Ke5 1-0

[Event "Rio de Janeiro Alex op"]
[Site "Rio de Janeiro"]
[Date "2016.06.12"]
[Round "2"]
[White "De Oliveira, Fillipe Fernandes"]
[Black "Lima, Juarez Antonio A de"]
[Result "1-0"]
[WhiteElo "1799"]
[BlackElo "1882"]
[PlyCount "87"]
[EventDate "2016.06.12"]
[EventType "swiss"]
[EventRounds "6"]
[EventCountry "BRA"]
[SourceTitle "CBM 173 Extra"]
[Source "ChessBase"]
[SourceDate "2016.08.29"]
[SourceVersion "1"]
[SourceVersionDate "2016.08.29"]
[SourceQuality "1"]

1. e4 e6 2. d4 d6 3. Nf3 b6 4. Bd3 Bb7 5. 0-0 Be7 6. c4 Nd7 7. Nc3 e5 8. Re1 Ngf6 9. Be3 0-0 10. h3 c6 11. d5 Rc8 12. Rc1 Re8 13. Ne2 cxd5 14. cxd5 Bxd5 15. exd5 e4 16. Ng3 exf3 17. Qxf3 Ne5 18. Qd1 Bf8 19. Bb5 Ned7 20. Bg5 Rxe1+ 21. Qxe1 Rxc1 22. Qxc1 h6 23. Bxd7 hxg5 24. Bc6 g4 25. h4 Qe7 26. Qf4 Qe1+ 27. Kh2 Qd1 28. Ne4 Nxd5 29. Qg5 f5 30. Qxf5 Ne7 31. Qe6+ Kh8 32. Bd7 Ng8 33. Qg6 Qd5 34. Bf5 g3+ 35. fxg3 Qxf5 36. Qxf5 Be7 37. Ng5 Nf6 38. Ne6 Kg8 39. g4 d5 40. g5 Bd6+ 41. Kh1 Ne4 42. Qg6 Be5 43. Qe8+ Kh7 44. Nf8+ 1-0

[Event "Maravilhosa-ch op"]
[Site "Maravilhosa"]
[Date "2016.01.24"]
[Round "5"]
[White "De Oliveira, Fillipe Fernandes"]
[Black "Rios Filho, Hilton Carlos da Si"]
[Result "0-1"]
[WhiteElo "1756"]
[BlackElo "2154"]
[PlyCount "78"]
[EventDate "2016.01.22"]
[EventType "swiss"]
[EventRounds "6"]
[EventCountry "BRA"]
[SourceTitle "CBM 170 Extra"]
[Source "ChessBase"]
[SourceDate "2016.02.25"]
[SourceVersion "1"]
[SourceVersionDate "2016.02.25"]
[SourceQuality "1"]

1. e4 e5 2. Nf3 d6 3. d4 Nf6 4. dxe5 Nxe4 5. Bd3 Nc5 6. 0-0 Be7 7. exd6 Qxd6 8. Bb5+ Nc6 9. Qxd6 Bxd6 10. Re1+ Ne6 11. Nd4 Bd7 12. Nxc6 bxc6 13. Bc4 0-0 14. Nc3 Nc5 15. b4 Ne6 16. a3 a5 17. Rd1 Rfd8 18. Ne4 Be5 19. Rb1 Nd4 20. Bb2 Bf5 21. Bd3 Kf8 22. Nc5 Bxd3 23. Rxd3 axb4 24. axb4 Ne2+ 25. Kf1 Bxb2 26. Rxb2 Nf4 27. Rxd8+ Rxd8 28. Rb1 Rd2 29. Re1 g6 30. c4 Rb2 31. g3 Nh5 32. Na6 Nf6 33. Re2 Rb1+ 34. Re1 Rb2 35. Re2 Rb3 36. Kg2 Ra3 37. b5 Ne8 38. Nc5 Nd6 39. bxc6 Nxc4 0-1

[Event "Maravilhosa-ch op"]
[Site "Maravilhosa"]
[Date "2016.01.23"]
[Round "4"]
[White "Maia, Marco Aurelio Ferre"]
[Black "De Oliveira, Fillipe Fernandes"]
[Result "1/2-1/2"]
[WhiteElo "2092"]
[BlackElo "1756"]
[PlyCount "52"]
[EventDate "2016.01.22"]
[EventType "swiss"]
[EventRounds "6"]
[EventCountry "BRA"]
[SourceTitle "CBM 170 Extra"]
[Source "ChessBase"]
[SourceDate "2016.02.25"]
[SourceVersion "1"]
[SourceVersionDate "2016.02.25"]
[SourceQuality "1"]

1. d4 Nf6 2. c4 e6 3. Nc3 Bb4 4. e3 c5 5. Bd3 b6 6. Nge2 Bb7 7. 0-0 cxd4 8. exd4 0-0 9. Bg5 Be7 10. Rc1 d6 11. Re1 Nbd7 12. Ng3 h6 13. Bf4 d5 14. Qe2 Bb4 15. a3 Bxc3 16. Rxc3 dxc4 17. Bxc4 Rc8 18. Rec1 Nd5 19. Bxd5 Rxc3 20. Rxc3 Bxd5 21. Nh5 Nf6 22. Rg3 Nxh5 23. Qxh5 Be4 24. Qg4 Bg6 25. Be5 h5 26. Qxh5 Bxh5 1/2-1/2

[Event "Sao Paulo op-B 2nd"]
[Site "Sao Paulo"]
[Date "2015.02.07"]
[Round "4"]
[White "De Oliveira, Fillipe Fernandes"]
[Black "Yoshioka, Hugo"]
[Result "1-0"]
[WhiteElo "1829"]
[BlackElo "1523"]
[PlyCount "75"]
[EventDate "2015.02.05"]
[EventType "swiss"]
[EventRounds "6"]
[EventCountry "BRA"]
[SourceTitle "CBM 164 Extra"]
[Source "ChessBase"]
[SourceDate "2015.03.02"]
[SourceVersion "1"]
[SourceVersionDate "2015.03.02"]
[SourceQuality "1"]

1. e4 d5 2. exd5 Nf6 3. c4 e6 4. dxe6 Bxe6 5. Nf3 Qe7 6. Qe2 Nc6 7. d4 Bf5 8. a3 g6 9. Qxe7+ Nxe7 10. Be2 Bg7 11. 0-0 0-0 12. Nc3 c6 13. Bf4 Rfe8 14. Rad1 Rad8 15. Ne5 Ne4 16. Bf3 Nxc3 17. bxc3 Be6 18. c5 Nd5 19. Bxd5 Bxd5 20. Rb1 Re7 21. Ng4 f6 22. Ne3 Be4 23. Rb4 a6 24. Nc4 Rde8 25. Nd6 Rf8 26. Re1 f5 27. f3 Rd7 28. fxe4 fxe4 29. Rxe4 Rb8 30. Re8+ Rxe8 31. Nxe8 Re7 32. Nd6 Re1+ 33. Kf2 Ra1 34. Rxb7 h5 35. Rb8+ Kh7 36. Rb7 Kg8 37. Ne8 Bf8 38. Nf6+ 1-0

[Event "Sao Paulo op-B 2nd"]
[Site "Sao Paulo"]
[Date "2015.02.06"]
[Round "2"]
[White "De Oliveira, Fillipe Fernandes"]
[Black "De Souza, Cristiano Gomes"]
[Result "0-1"]
[WhiteElo "1829"]
[BlackElo "2001"]
[PlyCount "122"]
[EventDate "2015.02.05"]
[EventType "swiss"]
[EventRounds "6"]
[EventCountry "BRA"]
[SourceTitle "CBM 164 Extra"]
[Source "ChessBase"]
[SourceDate "2015.03.02"]
[SourceVersion "1"]
[SourceVersionDate "2015.03.02"]
[SourceQuality "1"]

1. e4 c5 2. Nf3 d6 3. Bb5+ Bd7 4. Bxd7+ Qxd7 5. 0-0 Nc6 6. c3 Nf6 7. Qe2 e6 8. Rd1 Be7 9. d4 cxd4 10. cxd4 d5 11. e5 Ne4 12. Nbd2 Nxd2 13. Bxd2 0-0 14. a3 Rfc8 15. h4 Rc7 16. h5 Rac8 17. Bc3 Bf8 18. Nh2 h6 19. Rd3 Ne7 20. g4 Kh8 21. Rf3 Qe8 22. Qd2 g5 23. hxg6 fxg6 24. g5 h5 25. Nf1 Nf5 26. Ne3 Qe7 27. Nxf5 exf5 28. Rd3 Qe6 29. f4 Kg7 30. Qd1 Qa6 31. Re3 Re8 32. Qb3 Qc4 33. Qxc4 Rxc4 34. Kf1 Kf7 35. Ke2 Ke6 36. Kd3 Rec8 37. Re2 Be7 38. Rc2 Bd8 39. b3 R4c6 40. Rac1 Bb6 41. Rh1 a5 42. Rhc1 Ba7 43. Bxa5 Rxc2 44. Rxc2 Rxc2 45. Kxc2 Bxd4 46. Be1 Bg1 47. Kd3 Bh2 48. Bd2 h4 49. Ke2 Bg1 50. Kf1 Bd4 51. Kg2 Bb2 52. a4 d4 53. Be1 h3+ 54. Kxh3 Bc3 55. Bf2 d3 56. Be3 d2 57. Bxd2 Bxd2 58. Kg3 Bb4 59. Kf3 b6 60. Ke3 Kd5 61. Kd3 Bc5 0-1

[Event "Juiz de Fora op"]
[Site "Juiz de Fora"]
[Date "2014.09.27"]
[Round "4"]
[White "De Oliveira, Fillipe Fernandes"]
[Black "Baeta, Marcio Netto"]
[Result "0-1"]
[WhiteElo "1832"]
[BlackElo "2074"]
[PlyCount "56"]
[EventDate "2014.09.26"]
[EventType "swiss"]
[EventRounds "6"]
[EventCountry "BRA"]
[SourceTitle "CBM 162 Extra"]
[Source "ChessBase"]
[SourceDate "2014.10.17"]
[SourceVersion "1"]
[SourceVersionDate "2014.10.17"]
[SourceQuality "1"]

1. e4 Nf6 2. e5 Nd5 3. c4 Nb6 4. d4 d6 5. exd6 cxd6 6. h3 g6 7. Nf3 Bg7 8. Be2 0-0 9. 0-0 Nc6 10. Nc3 Bf5 11. Be3 d5 12. c5 Nc4 13. Bxc4 dxc4 14. d5 Nb4 15. Qa4 Nxd5 16. Nxd5 Qxd5 17. Rfd1 Bd3 18. Qb4 f5 19. Bg5 Rfe8 20. Rac1 h6 21. Be3 e5 22. Nd2 f4 23. Nxc4 Red8 24. Bd2 Be2 25. Nd6 Bxd1 26. Rxd1 b6 27. Ne4 bxc5 28. Nxc5 Bf8 0-1

[Event "Rio de Janeiro Estadual op"]
[Site "Rio de Janeiro"]
[Date "2014.08.02"]
[Round "2"]
[White "De Almeida, Almir Souza"]
[Black "De Oliveira, Fillipe Fernandes"]
[Result "0-1"]
[WhiteElo "1913"]
[BlackElo "1821"]
[PlyCount "78"]
[EventDate "2014.08.02"]
[EventType "swiss"]
[EventRounds "6"]
[EventCountry "BRA"]
[SourceTitle "CBM 162 Extra"]
[Source "ChessBase"]
[SourceDate "2014.10.17"]
[SourceVersion "1"]
[SourceVersionDate "2014.10.17"]
[SourceQuality "1"]

1. d4 Nf6 2. e3 e6 3. Bd3 d5 4. Nd2 Bd6 5. f4 c5 6. c3 0-0 7. Ngf3 Nc6 8. 0-0 Ne8 9. Bxh7+ Kxh7 10. Ng5+ Kg8 11. Qh5 Nf6 12. Qh4 g6 13. Rf3 Kg7 14. Rh3 Nh5 15. g4 Rh8 16. gxh5 Rxh5 17. Qg3 Qh8 18. Rxh5 Qxh5 19. Ndf3 Bd7 20. Bd2 cxd4 21. exd4 Ne7 22. Re1 Nf5 23. Qh3 Qxh3 24. Nxh3 f6 25. Nf2 Kf7 26. Nd3 Rc8 27. b4 b6 28. a4 Bb8 29. Ra1 Nd6 30. a5 Ne4 31. axb6 axb6 32. Rc1 Bb5 33. Nde1 Nxd2 34. Nxd2 Bxf4 35. Nef3 Be2 36. Re1 Bxf3 37. Nxf3 Rxc3 38. Kg2 Rb3 39. Ra1 e5 0-1

[Event "Rio de Janeiro-ch"]
[Site "Rio de Janeiro"]
[Date "2014.02.??"]
[Round "6"]
[White "De Oliveira, Fillipe Fernandes"]
[Black "Avgoustopoulos, Christian"]
[Result "1/2-1/2"]
[WhiteElo "1821"]
[BlackElo "2080"]
[PlyCount "41"]
[EventDate "2014.02.??"]
[EventType "swiss"]
[EventRounds "6"]
[EventCountry "BRA"]
[SourceTitle "EXT 2022"]
[Source "ChessBase"]
[SourceDate "2021.10.06"]
[SourceVersion "1"]
[SourceVersionDate "2021.10.06"]
[SourceQuality "1"]

1. c4 e5 2. Nc3 Nf6 3. g3 Nc6 4. Bg2 Bb4 5. e4 Bxc3 6. bxc3 d6 7. Ne2 0-0 8. 0-0 Ne8 9. d3 f5 10. f4 fxe4 11. Bxe4 Nf6 12. Bg2 Qe7 13. fxe5 Nxe5 14. Nf4 c6 15. h3 Bd7 16. Ba3 g5 17. Re1 c5 18. d4 gxf4 19. dxe5 dxe5 20. gxf4 Qg7 21. Rxe5 1/2-1/2

[Event "Rio de Janeiro IRT DE OUTONO TTC 2nd"]
[Site "Rio de Janeiro"]
[Date "2013.05.30"]
[Round "1.7"]
[White "De Oliveira, Fillipe Fernandes"]
[Black "Chaves, Jorge Antonio Torre"]
[Result "0-1"]
[WhiteElo "1796"]
[BlackElo "2040"]
[PlyCount "28"]
[EventDate "2013.05.30"]
[EventType "swiss"]
[EventRounds "6"]
[EventCountry "BRA"]
[SourceTitle "EXT 2022"]
[Source "ChessBase"]
[SourceDate "2021.10.06"]
[SourceVersion "1"]
[SourceVersionDate "2021.10.06"]
[SourceQuality "1"]

1. c4 e5 2. Nc3 f5 3. g3 Nf6 4. Bg2 Be7 5. Nf3 d6 6. 0-0 0-0 7. e4 c6 8. exf5 Bxf5 9. c5 Nbd7 10. cxd6 Bxd6 11. Qb3+ Kh8 12. Ng5 Nc5 13. Nf7+ Rxf7 14. Qxf7 Be6 0-1

[Event "Rio de Janeiro State-ch op"]
[Site "Rio de Janeiro"]
[Date "2013.05.18"]
[Round "1"]
[White "Rangel, Daniel"]
[Black "De Oliveira, Fillipe Fernandes"]
[Result "1-0"]
[WhiteElo "2127"]
[BlackElo "1796"]
[PlyCount "47"]
[EventDate "2013.05.18"]
[EventType "swiss"]
[EventRounds "7"]
[EventCountry "BRA"]
[SourceTitle "EXT 2018"]
[Source "ChessBase"]
[SourceDate "2017.10.13"]
[SourceVersion "1"]
[SourceVersionDate "2017.10.13"]
[SourceQuality "1"]

1. e4 d5 2. exd5 Nf6 3. Bb5+ Bd7 4. Bc4 c6 5. dxc6 Nxc6 6. Nf3 e5 7. Ng5 Be6 8. Bxe6 fxe6 9. Nxe6 Qd6 10. Nxf8 Rxf8 11. 0-0 0-0-0 12. Nc3 h5 13. d3 Nd4 14. Bg5 Ng4 15. Ne4 Qg6 16. Bxd8 Nf3+ 17. Kh1 Ngxh2 18. Bg5 Qe6 19. Rg1 Rf4 20. Bxf4 exf4 21. Ng5 Nxg5 22. Kxh2 f3 23. Qf1 Qg4 24. g3 1-0

[Event "Guanabara op 1st"]
[Site "Rio de Janeiro"]
[Date "2013.02.23"]
[Round "6"]
[White "De Oliveira, Fillipe Fernandes"]
[Black "Noseda, Francesco"]
[Result "0-1"]
[WhiteElo "1800"]
[BlackElo "1800"]
[PlyCount "56"]
[EventDate "2013.01.12"]
[EventType "swiss"]
[EventRounds "6"]
[EventCountry "BRA"]
[SourceTitle "EXT 2014"]
[Source "ChessBase"]
[SourceDate "2013.11.20"]
[SourceVersion "1"]
[SourceVersionDate "2013.11.20"]
[SourceQuality "1"]

1. c4 e6 2. Nc3 b6 3. e4 Bb7 4. g3 f5 5. d3 Nf6 6. Bg2 Bb4 7. Bg5 h6 8. Bxf6 Qxf6 9. Nge2 Nc6 10. 0-0 0-0-0 11. exf5 Qxf5 12. d4 h5 13. Nf4 h4 14. d5 hxg3 15. fxg3 Bc5+ 16. Kh1 Qh7 17. h3 g5 18. dxc6 Bxc6 19. Nfd5 exd5 20. Nxd5 Bd6 21. Qg4 Qc2 22. b3 Rde8 23. Nxb6+ Kb7 24. Nd5 Re2 25. Rfc1 Qb2 26. Rcb1 Qe5 27. Bf3 Rf2 28. Rf1 Rxf3 0-1

[Event "Guanabara op 1st"]
[Site "Rio de Janeiro"]
[Date "2013.01.12"]
[Round "1"]
[White "De Oliveira, Fillipe Fernandes"]
[Black "Baeta, Marcio Netto"]
[Result "0-1"]
[WhiteElo "1800"]
[BlackElo "2098"]
[PlyCount "100"]
[EventDate "2013.01.12"]
[EventType "swiss"]
[EventRounds "6"]
[EventCountry "BRA"]
[SourceTitle "EXT 2014"]
[Source "ChessBase"]
[SourceDate "2013.11.20"]
[SourceVersion "1"]
[SourceVersionDate "2013.11.20"]
[SourceQuality "1"]

1. c4 Nf6 2. Nc3 d5 3. cxd5 Nxd5 4. g3 g6 5. Bg2 c6 6. Nf3 Bg7 7. 0-0 0-0 8. e4 Nxc3 9. bxc3 Qa5 10. Qc2 c5 11. d4 cxd4 12. cxd4 Nc6 13. Be3 Bg4 14. Rfd1 Rac8 15. Qd2 Qh5 16. Qe2 Rfd8 17. h3 Bxh3 18. Bxh3 Qxh3 19. Rac1 Qg4 20. e5 Nb4 21. Kg2 Nd5 22. Bd2 Rxc1 23. Rxc1 Rc8 24. Qb5 Nb6 25. a4 Rxc1 26. Bxc1 Qd7 27. Qc5 Nxa4 28. Qxa7 h6 29. Ba3 Nc3 30. Qc5 Nd5 31. Nd2 b6 32. Qc2 Qb7 33. Qe4 e6 34. Bd6 b5 35. Nb3 Nf4+ 36. Kf3 Qxe4+ 37. Kxe4 Nd5 38. Kd3 h5 39. Nd2 Bh6 40. Ne4 g5 41. Nf6+ Nxf6 42. exf6 Bf8 43. Be5 Kh7 44. Ke4 Kg6 45. d5 exd5+ 46. Kxd5 b4 47. Ke4 h4 48. g4 Bc5 49. Kf3 b3 50. Kg2 Ba3 0-1